LEADER 01384nam0 22002771i 450 001 UON00025745 005 20231205102039.72 100 $a20020107d1966 |0itac50 ba 101 $ager 102 $aDE 105 $a|||| 1|||| 200 1 $aˆDie ‰Volkerschaften auf den Reliefs von Persepolis$eHistorische Studien uber den sogennanten Tributzug an der Apadanatreppe$fvon Gerold Walser 210 $aBerlin$cGebr. Mann$d1966 215 $a112 p., 88 p. di tav., 2 c. di tav. rip.$d29 cm 410 1$1001UON00007380$12001 $aTeheraner Forschungen$fhrsg. von Deutschen Archaologischen Institut Abteilung Teheran$v2 606 $aARCHITETTURA$xIRAN$xPERIODO ACHEMENIDE$xPERSEPOLI$3UONC007060$2FI 620 $aDE$dBerlin$3UONL003157 686 $aIR IX C$cIRAN ANTICO - ARTI - SCULTURA$2A 700 1$aWALSER$bGerold$3UONV009613$0153044 712 $aMann verlag$3UONV246517$4650 801 $aIT$bSOL$c20240220$gRICA 912 $aUON00025745 950 $aSIBA - SISTEMA BIBLIOTECARIO DI ATENEO$dSI IR IX C 007 disperso??? $eSI IR 384 7 007 disperso??? 950 $aSIBA - SISTEMA BIBLIOTECARIO DI ATENEO$dSI IR IX C 007 BIS $eSI IR 661 7 007 BIS $sBuono 996 $aVolkerschaften auf den Reliefs von Persepolis$91201232 997 $aUNIOR LEADER 04653nam 22007455 450 001 9910299435803321 005 20200629213235.0 010 $a3-319-11343-7 024 7 $a10.1007/978-3-319-11343-2 035 $a(CKB)3710000000268356 035 $a(EBL)1968668 035 $a(OCoLC)894508838 035 $a(SSID)ssj0001372424 035 $a(PQKBManifestationID)11978674 035 $a(PQKBTitleCode)TC0001372424 035 $a(PQKBWorkID)11304089 035 $a(PQKB)11774769 035 $a(DE-He213)978-3-319-11343-2 035 $a(MiAaPQ)EBC1968668 035 $a(PPN)182095487 035 $a(EXLCZ)993710000000268356 100 $a20141021d2015 u| 0 101 0 $aeng 135 $aur|n|---||||| 181 $ctxt 182 $cc 183 $acr 200 10$aEstuarine Morphodynamics of the Sunderbans /$fby Gautam Kumar Das 205 $a1st ed. 2015. 210 1$aCham :$cSpringer International Publishing :$cImprint: Springer,$d2015. 215 $a1 online resource (230 p.) 225 1 $aCoastal Research Library,$x2211-0577 ;$v11 300 $aDescription based upon print version of record. 311 $a3-319-11342-9 320 $aIncludes bibliographical references and index. 327 $aSunderbans: Physical Aspects and Configurations -- River Systems and Tidal Courses -- Brackish Water -- Substrate Soils -- Coastal Morpho-Dynamics -- Granulometry of Mangrove Sediments -- Estuarine and Coastal Erosions -- Floral Diversity -- Mangrove Ecosystems -- Anthropogenic Interferences -- Changing Environmental Scenario. 330 $aThis book is the outcome of rigorous and continuous research work done by the author over about three decades on the open ecosystem and dynamic environment of the estuarine Sunderbans. The objective of this work is to identify the field and factors changing gradually upon this active delta over the years, decades and centuries. The deltaic Sunderbans yet not mature enough, has been changing in its natural course with time. Further, anthropogenic interferences disturb the environments and accelerate degradation of nature of this fragile ecosystem simultaneously. Roles played by almost all the agents including man and environment and their involvement are identified for the changing environmental scenario of the Sunderbans. The book is befitted for the researchers and  students for the post graduate levels. The Sunderbans, a UNESCO World Heritage Site covering parts of Bangladesh and the southern tip of Indian state of West Bengal, is a part of world's largest deltaic plain of fluvio-marine deposit formed by the Ganges and Brahmaputra at the confluence of the Bay of Bengal. It is the largest single block of tidal halophytic mangrove forest in the world, conspicuous for its great size and biodiversity. With an enormous network of channels and creeks, tidal inundation twice daily, Sunderbans mangroves wetland is a dynamic and complex ecosystem, which undergoes continuous processes of erosion and accretion. Natural processes like changes in local hydrology, sediment motion under wind, wave and tidal action, beach dynamics, regional and global processes like sea level rise as well as the impact of human interference in the form of reclamation of forest land, changes in land use patterns, coastal urbanizations etc are the lead factors for the changes in the environmental scenario of Sunderbans. 410 0$aCoastal Research Library,$x2211-0577 ;$v11 606 $aCoasts 606 $aMarine sciences 606 $aFresh water 606 $aOceanography 606 $aGeomorphology 606 $aCoastal Sciences$3https://scigraph.springernature.com/ontologies/product-market-codes/G35020 606 $aMarine & Freshwater Sciences$3https://scigraph.springernature.com/ontologies/product-market-codes/U36000 606 $aOceanography$3https://scigraph.springernature.com/ontologies/product-market-codes/G25005 606 $aGeomorphology$3https://scigraph.springernature.com/ontologies/product-market-codes/J16010 615 0$aCoasts. 615 0$aMarine sciences. 615 0$aFresh water. 615 0$aOceanography. 615 0$aGeomorphology. 615 14$aCoastal Sciences. 615 24$aMarine & Freshwater Sciences. 615 24$aOceanography. 615 24$aGeomorphology. 676 $a55 676 $a551.4 676 $a551.41 676 $a551.46 700 $aDas$b Gautam Kumar$4aut$4http://id.loc.gov/vocabulary/relators/aut$01058526 906 $aBOOK 912 $a9910299435803321 996 $aEstuarine Morphodynamics of the Sunderbans$92515882 997 $aUNINA LEADER 03188nam 22006375 450 001 9910427668603321 005 20251225183545.0 010 $a3-030-64466-9 024 7 $a10.1007/978-3-030-64466-6 035 $a(CKB)4100000011610150 035 $a(MiAaPQ)EBC6413379 035 $a(DE-He213)978-3-030-64466-6 035 $a(PPN)252507991 035 $a(EXLCZ)994100000011610150 100 $a20201125d2020 u| 0 101 0 $aeng 135 $aurnn|008mamaa 181 $ctxt$2rdacontent 182 $cc$2rdamedia 183 $acr$2rdacarrier 200 10$aEnterprise Applications, Markets and Services in the Finance Industry $e10th International Workshop, FinanceCom 2020, Helsinki, Finland, August 18, 2020, Revised Selected Papers /$fedited by Benjamin Clapham, Jascha-Alexander Koch 205 $a1st ed. 2020. 210 1$aCham :$cSpringer International Publishing :$cImprint: Springer,$d2020. 215 $a1 online resource (XI, 117 p. 27 illus., 3 illus. in color.) 225 1 $aLecture Notes in Business Information Processing,$x1865-1356 ;$v401 300 $aIncludes index. 311 08$a3-030-64465-0 327 $aMachine Learning Applications in Trading and Financial Markets -- Fraud Detection and Information Generation in Finance -- Alternative Trading and Investment Offerings by FinTechs. 330 $aThis book constitutes the revised selected papers from the 10th International Workshop on Enterprise Applications, Markets and Services in the Finance Industry, FinanceCom 2020, held in Helsinki, Finland, in August 2020. Due to the COVID-19 pandemic the conference took place virtually. The 6 full papers presented together with 1 extended abstract in this volume were carefully reviewed and selected from a total of 14 submissions to the workshop.They are grouped in topical sections named Machine Learning Applications in Trading and Financial Markets, Fraud Detection and Information Generation in Finance, and Alternative Trading and Investment Offerings by FinTechs.The workshop spans multiple disciplines, including analytical, technical, service, economic, sociological and behavioral sciences. 410 0$aLecture Notes in Business Information Processing,$x1865-1356 ;$v401 606 $aApplication software 606 $aBusiness information services 606 $aMachine learning 606 $aData protection 606 $aComputer and Information Systems Applications 606 $aIT in Business 606 $aMachine Learning 606 $aSecurity Services 615 0$aApplication software. 615 0$aBusiness information services. 615 0$aMachine learning. 615 0$aData protection. 615 14$aComputer and Information Systems Applications. 615 24$aIT in Business. 615 24$aMachine Learning. 615 24$aSecurity Services. 676 $a332.10684 702 $aKoch$b Jascha-Alexander 702 $aClapham$b Benjamin 801 0$bMiAaPQ 801 1$bMiAaPQ 801 2$bMiAaPQ 906 $aBOOK 912 $a9910427668603321 996 $aEnterprise Applications, Markets and Services in the Finance Industry$91896372 997 $aUNINA